| 000 | 01153cam a22002651 4500 | ||
|---|---|---|---|
| 001 | af 48005009 | ||
| 003 | DLC | ||
| 005 | 20260227110911.0 | ||
| 008 | 790319m19389999it 000 0 ita c | ||
| 010 | _aaf 48005009 | ||
| 035 | _a(OCoLC)4755432 | ||
| 040 |
_aCalifornia. Univ. Libr. _cNAlU _dDLC |
||
| 042 | _apremarc | ||
| 050 | 0 | 0 |
_aDG540.8.G8 _bA4 |
| 100 | 1 |
_aGuicciardini, Francesco, _d1483-1540. |
|
| 240 | 0 | 0 | _aCorrespondence |
| 245 | 0 | 0 |
_aCarteggi; _ca cura di Roberto Palmarocchi. |
| 260 |
_a[Milano] _bIstituto per gli studi di politica internazionale _c[1938- |
||
| 300 |
_av. _c26 cm. |
||
| 490 | 1 |
_aFonti per la storia d'Italia, pub. dall'Istituto storico italiano per l'età moderna e contemporanea, _vv. 3, 5, 10, 15, 18, 24, 26, 28, 39, 63, 77, 82, 87, 99, 100, 110, 119 |
|
| 600 | 1 | 0 |
_aGuicciardini, Francesco, _d1483-1540 _vCorrespondence. |
| 651 | 0 |
_aItaly _xHistory _y1492-1599 _vSources. |
|
| 700 | 1 |
_aPalmarocchi, Roberto, _d1887- _eed. |
|
| 830 | 0 |
_aFonti per la storia d'Italia pubblicate dall'Istituto storico italiano per l'età moderna e contemporanea ; _vv. 3, 5, 10, 15, 18, 24, 26, 28, 39, 63, 77, 82, 87, 99, 100, 110, 119. |
|
| 999 |
_c6309 _d6309 |
||